000 00442nam a22001697a 4500
005 20180820121119.0
008 160513b xxu||||| |||| 00| 0 eng d
020 _a978-81-7446-668-6
041 _aeng
082 _b2069
_a658.4012
100 _aRAO, C.APPA . AND OTHERS
_94838
245 _aStrategic management and Business policy
260 _aNew Delhi
_bExcel Books,
_c2008
300 _a630p,
650 _aManagement
_9241
942 _cBK
999 _c752
_d752